Cik pembantu jelita

Bibliographic Details
Main Author: Hanny Esandra
Format: Book
Published: Kuala Lumpur : Dear Novels Sdn. Bhd. , 2019
Subjects:

MARC

LEADER 00000cam a2200000 7i4500
001 0000084500
005 20191215.0
008 191215
020 |a 9789672116561 
041 0 |a Malay 
090 0 0 |a HAN   |b MAL 
100 0 |a Hanny Esandra 
245 0 0 |a Cik pembantu jelita   |c Hanny Esandra 
260 |a Kuala Lumpur :   |b Dear Novels Sdn. Bhd. ,   |c 2019 
300 |a 271 p. ;   |c 18.5 cm. 
541 0 0 |c Purchased on 2019   |f 2019/150 ABR   |h RM24.00 
650 0 |a Malay fiction 
999 |a 0001607224   |b Book   |c Adult Collection   |e Cawangan Bandar Penawar 
999 |a 0001607226   |b Book   |c Adult Collection   |e Cawangan Pontian 
999 |a 0001607227   |b Book   |c Adult Collection   |e Cawangan Muar 
999 |a 0001607228   |b Book   |c Adult Collection   |e Cawangan Bukit Gambir 
999 |a 0001607229   |b Book   |c Adult Collection   |e Cawangan Bandar Tenggara 
999 |a 0001607230   |b Book   |c Adult Collection   |e Cawangan Tmn. Ungku Tun Aminah 
999 |a 0001607231   |b Book   |c Adult Collection   |e Cawangan Segamat 
999 |a 0001607232   |b Book   |c Adult Collection   |e Cawangan Taman Universiti 
999 |a 0001607233   |b Book   |c Adult Collection   |e Cawangan Mersing 
999 |a 0001607234   |b Book   |c Adult Collection   |e Cawangan Tangkak 
999 |a 0001607235   |b Book   |c Adult Collection   |e Cawangan Batu Pahat 
999 |a 0001607236   |b Book   |c Adult Collection   |e Cawangan Taman Sri Lambak 
999 |a 0001607237   |b Book   |c Adult Collection   |e Cawangan Kota Tinggi 
999 |a 0001607583   |b Book   |c Adult Collection   |e Perbadanan Perpustakaan Awam Johor 
999 |a 0001607584   |b Book   |c Adult Collection   |e Cawangan Urban Transformation Centre 
999 |a 0001607585   |b Book   |c Adult Collection   |e Cawangan AEON Kulaijaya